India development report 2015 (Record no. 8600)

MARC details
000 -LEADER
fixed length control field 00551cam a2200205ua 4500
001 - CONTROL NUMBER
control field 9578
005 - DATE AND TIME OF LATEST TRANSACTION
control field 20260515114500.0
008 - FIXED-LENGTH DATA ELEMENTS--GENERAL INFORMATION
fixed length control field 160224n ii |||gr||||Z||||||eng
020 ## - INTERNATIONAL STANDARD BOOK NUMBER
International Standard Book Number 9780199459452
040 ## - CATALOGING SOURCE
Transcribing agency MAIN
041 ## - LANGUAGE CODE
Language code of text/sound track or separate title eng
082 ## - DEWEY DECIMAL CLASSIFICATION NUMBER
Classification number 338.9
100 ## - MAIN ENTRY--PERSONAL NAME
Personal name Dev, Mahendra,
Relator term Author.
245 0# - TITLE STATEMENT
Title India development report 2015
Statement of responsibility, etc. ed. by Mahendra Dev
250 ## - EDITION STATEMENT
Edition statement 1st ed.
260 ## - PUBLICATION, DISTRIBUTION, ETC.
Place of publication, distribution, etc. [s.l]:
Name of publisher, distributor, etc. Indira Gandhi Institute of Development Research,
Date of publication, distribution, etc. 2015.
Place of publication, distribution, etc. [s.l]:
Name of publisher, distributor, etc. Oxford,
Place of publication, distribution, etc. New Delhi:
300 ## - PHYSICAL DESCRIPTION
Extent 481p.
653 ## - INDEX TERM--UNCONTROLLED
Uncontrolled term Production
942 ## - ADDED ENTRY ELEMENTS (KOHA)
Koha item type Books
Holdings
Withdrawn status Lost status Damaged status Not for loan Home library Current library Shelving location Date acquired Total checkouts Full call number Barcode Date last seen Copy number Price effective from Koha item type
        Naharkatiya College Library Naharkatiya College Library General stacks 09/19/2020   338.9 | IND 23015 09/19/2020 1 09/19/2020 Books